| 000 | 01150nam a22003377a 4500 | ||
|---|---|---|---|
| 003 | CHAP | ||
| 005 | 20220329140258.0 | ||
| 008 | 971013s1984 r 00010 d | ||
| 010 | _a49662 | ||
| 011 | _a50634 | ||
| 035 | _a54784 | ||
| 040 | _cCHAP | ||
| 090 | _aTesis | ||
| 100 | 0 | 0 |
_aRobles Leguízamo, Silvia. _998089 |
| 245 | _aFundamentos para la auditoría técnica a explotaciones pecuarias productoras de ovinos y caprinos | ||
| 260 |
_aMéxico, D. F. : _bEl autor, _c1984 |
||
| 300 | _a55 h. | ||
| 502 | _aTesis (Médico Veterinario Zootecnista) -- UNAM. Facultad de Medicina Veterinaria y Zootecnia | ||
| 590 |
_aALEPH _b10 _c20130110 _lUCH01 _h1322 |
||
| 590 |
_aBATCH-UPD _b10 _c20130110 _lUCH01 _h1700 |
||
| 590 |
_aBATCH-UPD _b10 _c20130410 _lUCH01 _h1048 |
||
| 590 |
_aBATCH-UPD _b10 _c20130914 _lUCH01 _h0426 |
||
| 590 |
_aBATCH-UPD _b10 _c20130914 _lUCH01 _h2149 |
||
| 590 |
_aCONVERSION _b10 _c20130109 _lUCH01 _h1327 |
||
| 650 | 1 | 4 |
_aAuditoría. _98308 |
| 650 | 1 | 4 |
_aGanado cabrío _xProducción. _945038 |
| 650 | 1 | 4 |
_aGanado lanar _xProducción. _945214 |
| 901 | _aBK | ||
| 942 | _cTESIS | ||
| 949 |
_bBC _cTES _d-120653 _eTS1 _i54784 _si |
||
| 999 |
_c49662 _d49662 |
||